| 000 | 004550000a22001330004500 | ||
|---|---|---|---|
| 005 | 20231213122936.0 | ||
| 008 | 230817t ||||| |||| 00| 0 eng d | ||
| 082 |
_a370.954 _bEDU |
||
| 245 |
_aEducation and Training in Sri Lanka: (An Asian Development Bank Sponsored Project) _bDevelopment Perspective: _nVol. 3 |
||
| 260 |
_aNew Delhi: _bEducational Consultants India Limited, _c1989 |
||
| 300 | _axxxvi, 229 p. | ||
| 650 | _aEDUCATION-Sri Lanka | ||
| 942 | _cRP | ||
| 999 |
_c1801 _d1801 |
||